Il codice del teatro (Record no. 165941)

MARC details
000 -LEADER
campo de control de longitud fija 00954nam a22002415i 4500
001 - NÚMERO DE CONTROL
campo de control 165941
003 - IDENTIFICADOR DE NÚMERO DE CONTROL
campo de control ES-MaACL
005 - FECHA Y HORA DE LA ÚLTIMA TRANSACCIÓN
campo de control 20250824033400.0
008 - DATOS DE LONGITUD FIJA--INFORMACIÓN GENERAL
campo de control de longitud fija 050914s1901 it | |||||||| ||ita d
040 ## - FUENTE DE CATALOGACIÓN
Centro catalogador/agencia de origen CAM
Lengua de catalogación spa
Centro/agencia transcriptor CAM
100 1# - ENTRADA PRINCIPAL--NOMBRE DE PERSONA
Nombre de persona Tabanelli, Nicolo.
9 (RLIN) 133099
245 13 - MENCIÓN DEL TÍTULO
Título Il codice del teatro
Resto del título : vade-mecum legale per artisti lirici e dramatici, impresari, capicomici, direttori d'orchestra, direzioni teatrali, agenti teatrali, per gli avvocati e per il pubblico /
Mención de responsabilidad, etc. Nicolo Tabanelli.
260 ## - PUBLICACIÓN, DISTRIBUCIÓN, ETC.
Lugar de publicación, distribución, etc. Milano :
Nombre del editor, distribuidor, etc. U. Hoepli,
Fecha de publicación, distribución, etc. 1901 (
Fabricante Tip. Allegretti)
300 ## - DESCRIPCIÓN FÍSICA
Extensión XI, 328 p. ;
Dimensiones 20 cm.
490 1# - MENCIÓN DE SERIE
Mención de serie Manuali Hoepli
650 #7 - PUNTO DE ACCESO ADICIONAL DE MATERIA--TÉRMINO DE MATERIA
Término de materia o nombre geográfico como elemento de entrada Teatro-
Subdivisión general Derecho y legislación-
Subdivisión geográfica Italia
Fuente del encabezamiento o término
9 (RLIN) 162386
650 #7 - PUNTO DE ACCESO ADICIONAL DE MATERIA--TÉRMINO DE MATERIA
Término de materia o nombre geográfico como elemento de entrada Teatro-
Subdivisión general Derecho y legislación-
Subdivisión geográfica Italia
Fuente del encabezamiento o término
9 (RLIN) 162386
700 1# - ENTRADA AGREGADA--NOMBRE PERSONAL
Nombre de persona Hoepli, Ulrico.
9 (RLIN) 128010
752 ## - ENTRADA AGREGADA--NOMBRE JERÁRQUICO DEL LUGAR
País o entidad superior Italia -
Ciudad Milán
830 0# - PUNTO DE ACCESO ADICIONAL DE SERIE-TÍTULO UNIFORME
Título uniforme Manuali Hoepli
9 (RLIN) 180782
852 ## - LOCALIZACIÓN
Ubicación ES-MaACL
Número de control de estantería D-3603
Nota libre - Enc. tela
Holdings
Estatus retirado Estado de pérdida Estado de daño No para préstamo Biblioteca de origen Biblioteca actual Ubicación en estantería Fecha de adquisición Fuente de adquisición Total de préstamos Signatura topográfica completa Código de barras Visto por última vez Precio de reemplazo Tipo de ítem Koha
        Biblioteca del Ateneo de Madrid Biblioteca del Ateneo de Madrid Sala Valle Inclán 17/01/2008     D-3603 901174026 23/02/2023 23/02/2023 Libro impreso antiguo